[Event "POR-ch U10 Girls"]
[Site "Armacao de Pera"]
[Date "2001.04.07"]
[Round "1.3"]
[White "Teixeira, Lisa"]
[Black "Nunes, Ana Margarida"]
[Result "0-1"]
[WhiteElo "1180"]
[BlackElo "1042"]
[PlyCount "38"]
[EventDate "2001.04.07"]
[EventType "swiss"]
[EventRounds "7"]
[EventCountry "POR"]
[SourceTitle "EXT 2002"]
[Source "ChessBase"]
[SourceDate "2001.11.25"]
[SourceVersion "1"]
[SourceVersionDate "2001.11.25"]
[SourceQuality "1"]

1. e4 e5 2. Nf3 Nc6 3. Nc3 Nf6 4. Bd3 Bc5 5. 0-0 Ng4 6. h3 Nxf2 7. Qe2 Nxd3+ 8. Kh2 Ndb4 9. Ng5 Qxg5 10. Qf3 0-0 11. d3 Qh4 12. Qxf7+ Rxf7 13. Re1 Qxe1 14. Nd5 Qg1+ 15. Kg3 Nxd5 16. exd5 Nd4 17. Kh4 Qxg2 18. c3 Nf3+ 19. Kh5 Rf5+ 0-1